000 00627nam a2200229 i 4500
001 133483
003 ES-MaACL
005 20230906194425.0
007 t|
008 070816s1986 sp ||||1| spa d
020 _a84-7222-839-8
100 1 _aWolf, Christa.
_9117222
245 1 0 _aBajo los tilos /
_cChrista Wolf ; traducción de Marisa Presas.
250 _a1ª ed.
260 _aBarcelona :
_bLaia,
_c1986.
300 _a101 p. ;
_c20 cm.
490 1 _aLaia literatura
700 1 _aPresas, Marisa.
_993775
830 0 _aLaia literatura
_9182566
852 _aES-MaACL
_jL-10884
_bR.111757
999 _c133483
_d133483